Entertainment Weekly's Top 100 TV Shows - Hard - Statistics

General Stats
  • This quiz has been taken 93 times
  • The average score is 28 of 100
Answer Stats
Hint Answer % Correct
21 Friends
84%
68 Family
74%
3 Seinfeld
73%
5 The Sopranos
73%
2 The Simpsons
71%
18 Breaking Bad
66%
76 Game of Thrones
65%
15 Cheers
61%
11 I Love Lucy
58%
6 All in the Family
56%
31 M*A*S*H
56%
1 The Wire
56%
44 Frasier
55%
95 Grey's Anatomy
55%
12 Saturday Night Live
55%
30 ER
53%
24 Lost
52%
32 The Golden Girls
50%
61 Dallas
48%
58 Sex and the City
48%
9 Mad Men
47%
17 Roseanne
45%
16 The Cosby Show
45%
4 The Mary Tyler Moore Show
44%
64 Modern Family
40%
42 Taxi
40%
35 Hill Street Blues
37%
23 Law & Order
37%
87 South Park
37%
91 Star Trek
37%
36 Maude
35%
54 NYPD Blue
35%
13 The Twilight Zone
35%
79 Everybody Loves Raymond
34%
84 Family Ties
34%
51 West Wing
32%
70 Will & Grace
32%
83 Oz
31%
7 The Andy Griffith Show
31%
20 The Honeymooners
31%
29 The X-Files
31%
56 30 Rock
27%
100 The Brady Bunch
27%
19 Arrested Development
26%
43 St. Elsewhere
26%
86 24
24%
8 Buffy the Vampire Slayer
24%
73 Six Feet Under
24%
50 Survivor
24%
41 Twin Peaks
24%
45 Gilmore Girls
21%
92 Sanford and Son
21%
52 Soap
21%
38 The Bob Newhart Show
21%
53 American Idol
19%
98 Bewitched
19%
59 Freaks and Geeks
19%
85 Little House on the Prairie
19%
77 Ally McBeal
18%
75 Beverly Hills, 90210
18%
37 Columbo
18%
96 Malcolm in the Middle
18%
72 Battlestar Galactica
16%
48 Friday Night Lights
16%
82 Good Times
16%
71 Beavis and Butt-head
15%
78 Dawson's Creek
15%
60 Deadwood
15%
33 The Carol Burnett Show
15%
47 The Rockford Files
15%
57 The Shield
15%
65 Doctor Who
13%
27 Monty Python's Flying Circus
13%
74 Homeland
11%
81 In Living Color
11%
22 My So-Called Life
11%
62 Homicide: Life on the Street
10%
34 The Larry Sanders Show
10%
40 The Real World
10%
55 Thirtysomething
10%
88 Perry Mason
8%
49 The Muppet Show
8%
14 The Office (U.K.)
8%
80 The Office (U.S.)
8%
63 Absolutely Fabulous
5%
25 Alfred Hitchcock Presents
5%
99 Alias
5%
90 Felicity
5%
67 The Prisoner
5%
66 Chappelle's Show
3%
69 Star Trek: The Next Generation
3%
97 The Comeback
3%
39 The Fugitive
3%
10 Your Show of Shows
3%
89 Mystery Science Theater 3000
2%
94 Project Runway
2%
46 The Rifleman
2%
93 The Smothers Brothers Comedy Hour
2%
26 Prime Suspect (U.K.)
0%
28 The Abbott and Costello Show
0%
No matching quizzes found
Score Distribution
Percent of People with Each Score
Percentile by Number Answered
Your Score History
You have not taken this quiz